| 000 | 00875cam a2200169 4500 | ||
|---|---|---|---|
| 001 | X117929 | ||
| 008 | 020510n2002 000 0 eng u | ||
| 035 | _a(Sirsi) u117929 | ||
| 245 | _aRichmond-upo-Thames LBC v SoS Environment Transport and the Regions | ||
| 260 | _c2002 | ||
| 490 |
_aJournal of Planning and Environment Law _v[2002] JPL 33-42(10) |
||
| 520 | _aQBD 5 March 2001. Consent to carry out certain works to a tree that was the subject of a Tree Preservation Order. SoS did not accept the Inspecting Officer's recommendation. Lack of clarity. Inadequacy of reason. Conclusion reached without sufficient evidence. (Taken from abstract) | ||
| 650 | _aRICHMOND UPON THAMES LBC V SOS ENVIRONMENT TRANSPORT AND THE REGIONS | ||
| 650 | _aTREE PRESERVATION ORDERS (TPOs) | ||
| 690 | _aENVIRONMENTAL AND LAND CONSULTANCY-PLANNING AND DEVELOPMENT | ||
| 942 | _n0 | ||
| 999 |
_c70237 _d70237 |
||